| 000 | 01057nas a2200277 i 4500 | ||
|---|---|---|---|
| 001 | 1878 | ||
| 003 | ES-MaACL | ||
| 005 | 20250217134418.0 | ||
| 007 | t| | ||
| 008 | 950801d19391946sp | | 1 ||pa d | ||
| 022 | _a0326-7172 | ||
| 080 | _a806.0(05) | ||
| 080 | _a811.134.2(05) | ||
| 245 | 0 | 0 |
_aRevista de filología hispánica / _c[dir. Amado Alonso]. |
| 260 |
_aBuenos Aires : _bInstituto de Filología, Facultad de Filosofía y Letras, Universidad de Buenos Aires ; _aNueva York : _bInstituto de las Españas, Department of Hispanic Languages, Columbia University, _c1939-1946. |
||
| 300 |
_a7 v. ; _c27 cm. |
||
| 310 | _aTrimestral | ||
| 362 | 0 | _aAño I (nº 1 ene. 1939)- Año VIII (jul. 1946) | |
| 650 | 1 | 4 |
_aLingüística. Filología. _914477 |
| 700 | 1 |
_aAlonso, Amado. _920182 |
|
| 710 | 2 |
_aInstituto de Filología (Buenos Aires) _94943 |
|
| 710 | 2 |
_aHispanic Institute in the United States. _bDepartment of Hispanic Languages. _9142168 |
|
| 852 |
_aES-MaACL _jHem-865 |
||
| 866 | 0 | _o1939-42(1943f.n.2)1944-46 | |
| 999 |
_c1878 _d1878 |
||